Normal view
MARC view
- Moore.John H,Davis Christopher C.,Coplan Michael A
Entry Personal Name
001 - CONTROL NUMBER
- control field: 54913
003 - CONTROL NUMBER IDENTIFIER
- control field: NUST
005 - DATE AND TIME OF LATEST TRANSACTION
- control field: 20210421120109.0
008 - FIXED-LENGTH DATA ELEMENTS
- fixed length control field: 210421|| aca||aabn | a|a d
040 ## - CATALOGING SOURCE
- Original cataloging agency: NUST
- Transcribing agency: NUST
100 ## - HEADING--PERSONAL NAME
- Personal name: Moore.John H,Davis Christopher C.,Coplan Michael A
670 ## - SOURCE DATA FOUND
- Source citation: Work cat.: (NUST): Moore.John H,Davis Christopher C.,Coplan Michael A., Building Scientific Apparatus, 1983
